Statistics for Italian Countries in 1815 (with a Map)

Click here to take the quiz!

General Stats

  • This quiz has been taken 3,701 times
  • The average score is 7 of 11

Answers on the Map

Answers color-coded by a green-red scale on the quiz's map according to % correct below.
 

Answer Stats

Countries% Correct
Sicily
96%
Sardinia
95%
Naples
92%
Papal States
90%
Tuscany
86%
San Marino
81%
Parma
57%
Modena
52%
Lucca
49%
Massa
24%
Cospaia
17%

Score Distribution

Percentile by Number Answered

Percent of People with Each Score

Your Score History

You have not taken this quiz